Oceania Capitals to Country - Map Click Quiz - Statistics

General Stats
  • This quiz has been taken 77 times
  • The average score is 10 of 14
Answers on the Map
Answers color-coded by a green-red scale on the quiz's map according to % correct below.
 
Answer Stats
Answer % Correct
Canberra
90%
Wellington
90%
Port Moresby
86%
Suva
79%
South Tarawa
71%
Honiara
67%
Majuro
67%
Port Vila
67%
Apia
64%
Funafuti
64%
Yaren
62%
Ngerulmud
60%
Nuku'alofa
57%
Palikir
57%
No matching quizzes found
Score Distribution
Percent of People with Each Score
Percentile by Number Answered
Your Score History
You have not taken this quiz